000 00941nam a2200241 4500
008 070628s1999 cc 000 0 chi d
020 _a7561907397 (v. 1) :RMB9/8.10
020 _a7561907400 (v. 2) :RMB16/14.40
020 _a7561907419 (v. 3) :RMB20/18
090 _aPL1128
_bC47l
245 0 0 _aChu ji Han yu ting li {ch}/
_czhu bian Li Mingqi ; bian zhu Zhang Shuxian, Wang Yaomei.
260 _aBeijing :
_bBeijing yu yan wen hua da xue chu ban she,
_c1999.
300 _a3 v. ;
_c26 cm.
490 1 _aHan yu ting li xi lie jiao ta°si.
650 4 _aChinese language
_xStudy and teaching
_xForeign speakers {ch}.
650 4 _aChinese language
_xTextbooks for foreign speakers {ch}.
700 1 _aLi, Mingqi.
700 1 _aZhang, Shuxian.
700 1 _aWang, Yaomei.
710 2 2 _aBeijing yu yan wen hua da xue.
951 _pC-8536
_x00034971
_oSP-C CH PL1128/C47l/v. II
_j070628152534781
_d2000-12-21
_cSP-C CH
999 _c29501
_d29501